| 000 | 00429nam a2200121Ia 4500 | ||
|---|---|---|---|
| 008 | 200902s9999 xx 000 0 und d | ||
| 020 | _a978-621-406-155-6 | ||
| 100 | _aPineda, Ariel D. | ||
| 245 |
_cAriel Dizon Pineda , Benigno A. Castillo.-- _aMerchandising : _baccounting for non-accountants / |
||
| 260 |
_aManila : _bMindshapers Co., Inc. _c2018 |
||
| 300 |
_ax , 128 pages : _billustrations ; _c23 cm. |
||
| 650 | _aMerchandising | ||
| 999 |
_c364015 _d364015 |
||